Random Sequential Oceanic Countries on a Map - With Wammies - Statistics

General Stats
  • This quiz has been taken 14 times
  • The average score is 2 of 14
Answers on the Map
Answers color-coded by a green-red scale on the quiz's map according to % correct below.
 
Answer Stats
Country % Correct
Papua New Guinea
63%
New Zealand
50%
Australia
38%
Palau
38%
Kiribati
25%
Solomon Islands
13%
Vanuatu
13%
Federated States of Micronesia
0%
Fiji
0%
Marshall Islands
0%
Nauru
0%
Samoa
0%
Tonga
0%
Tuvalu
0%
No matching quizzes found
Score Distribution
Percent of People with Each Score
Percentile by Number Answered
Your Score History
You have not taken this quiz